000 006720000a22002170004500
003 LK-CoMWRAF
005 20240113155902.0
008 230817t1991 ||||| |||| 00| 0 eng d
040 _aLK-CoMWRAF
_dLK-CoMWRAF
_eLK-CoMWRAF
041 _aeng
082 _a305.42
_bTHI
100 _aThiruchandran, Selvy
245 _aThe dilemma of theories:
_ba feminist perspective
260 _aColombo:
_bWomen's Education and Research Centre,
_c1991
300 _a 46 p. ; 21 cm
_bBibliography included
490 _a Women's Education and Research Centre publication
_vno. 36/E 15
650 _aFEMINISM
650 _aFeminist theory
650 _aWomen's rights
942 _cBK
999 _c1949
_d1949